00254nam a2200085Ia 4500001000800000005001700008008004100025245005900066260004300125118540120250827020932.0250824s9999 xx 000 0 und d 0aAŞAĞİSTANBUL •J2 ¨199cMELİS SENA YILMAZ bGÜNIŞIĞI KİTAPLIĞI YAYINLARI